| 000 | 00449nam a22001577a 4500 | ||
|---|---|---|---|
| 005 | 20241212110642.0 | ||
| 008 | 241212b |||||||| |||| 00| 0 eng d | ||
| 020 | _a9780697360748 | ||
| 050 |
_aQH308.2 _b.M363 |
||
| 100 | _aMader, Sylvia S. | ||
| 245 |
_aInquiry into Life/ _bLaboratory Manual _cSylvia S. Mader |
||
| 250 | _a9th ed. | ||
| 260 |
_aBoston _bMcGraw-Hill _c2000 |
||
| 300 |
_avii.488p. _bill. color _c27.5cm |
||
| 942 |
_2lcc _cBK _e9th ed. _n0 |
||
| 999 |
_c2097 _d2097 |
||